00608nam a2200169Ia 4500008004000000020001800040082001800058100001900076245002300095260003600118300001200154650007000166690001000236906001100246999001900257952016200276210210b1997 xxu||||| |||| 00| 0 eng d a81 7024 863 9 a346.0134 KANW aKANT (Anjani). aWomen and the law. aNew DelhibNot Mentionedc1997 axxi,375 aStatus Women Position Constitution Indian Marital Rights Property aWomen a061337 c107933d107933 001040708Social WorkaALbALcSocial Workd2021-02-17eAlka Prakashan Kanpur-208007g700.00l0o346.0134 KANWp061337r2021-02-17 00:00:00w2021-02-17yBK